Bedoes x Lanek - Rewolucja Romantyczna - Statystyki

Ogólne statystyki
  • Ten quiz został rozwiązany 47 razy
  • Średni wynik to 13 z 19
Statystyki odpowiedzi
Numer Tytuł Gość % Poprawnych
2 Rewolucja Romantyczna Blu
97%
19 Doda :*
92%
1 Intro
92%
6 Nawiedzony Dom / Szpaku
86%
3 TOA$T /
78%
11 Bukiet Białych Róż (SQUADSHIT #13) / Blu
73%
13 Mbappé /
73%
10 Tajemnice Atlantydy /
73%
4 Chrome Hearts /
70%
16 City Boy :*
70%
14 NIEWIEŚCIN BYDGOSZCZ /
68%
12 Moi Ludzie / Kuqe 2115 & Eis
65%
9 NBP /
62%
7 Gretzkii / Flexxy 2115
59%
18 Frenezja Romantyczna :*
57%
8 Wędrowiec Nad Morzem Mgły / Białas
57%
15 Marseille :*
51%
5 Tatuaże i Striptiz /
49%
17 Viviene Westwood :*
19%
Nie znaleziono quizów pasujących do podanych kryteriów
Rozkład punktacji
Procent ludzi z każdym wynikiem
Percentyl według liczby udzielonych odpowiedzi
Twoja historia wyników
Nie rozwiązałeś tego quizu